THE GREATEST - Billie Eilish - Statistics

General Stats
  • This quiz has been taken 423 times
  • The average score is 186 of 217
Answer Stats
Hint Answer % Correct
a
100%
I
100%
To
99%
to
99%
you
99%
You
99%
greatest?
98%
(Greatest)
98%
greatest
98%
my
98%
My
98%
the
97%
Bridge The
97%
When
97%
am
96%
Pre-Chorus And
96%
and
96%
Chorus | Outro Man
96%
all
95%
All
95%
want
95%
love
94%
For
93%
for
93%
for)
93%
me
93%
naked
93%
(Naked)
93%
waited
93%
(Waited)
93%
do
92%
it
92%
Verse 1 I'm
91%
times
90%
best
87%
don't
87%
know
87%
(Know)
87%
trying
87%
What
87%
what
87%
congratulations
86%
(Congratulations)
86%
Made
86%
made
86%
painless
86%
keep
84%
patience
84%
your
84%
been
83%
look
83%
admiration
82%
(Admiration)
82%
go
82%
wanna
82%
satisfied
80%
I've
79%
How
78%
get
77%
in
76%
rest
76%
Just
75%
night
75%
up
75%
have
74%
still
74%
loved
73%
While
73%
alone
72%
Let
72%
stayed
71%
come
70%
wanted
70%
from
69%
we
69%
state
68%
Whatever
67%
fight
66%
gave
66%
not
66%
done
65%
(Done)
65%
it's
65%
Verse 2 Doing
64%
fighting
64%
(Fighting
64%
passion
64%
right
63%
what's
63%
Without
63%
worth
63%
would've
62%
reward
60%
hate
59%
at
57%
Anything
56%
God
56%
said
54%
could've
53%
was
52%
even
51%
than
51%
Unappreciated
49%
Worse
49%
anyone
48%
heart
47%
say
46%
couldn't
45%
break
43%
shouldn't
41%
jaded
38%
No matching quizzes found
Score Distribution
Percent of People with Each Score
Percentile by Number Answered
Your Score History
You have not taken this quiz